000 00947nam a22003137a 4500
001 BR0501507
003 BR-BrBNA
005 20230928101853.0
007 ta
008 230509b bl.||||| |||| 00| 0 por d
040 _aBR-BrBNA
_bpor
_cBiblioteca Nacional de Agricultura
041 _a(Por)
072 _aF30
_b0210
_b3570
090 _ 0210 BR0501507
100 1 _aTomé, L.G.O.
110 1 _aUniversidade Federal de Lavras, MG (Brasil)
_0Tese (Mestrado)
245 1 _aMeiose e viabilidade do pólen de Solanum commersonii ssp. e Solanum tuberosum L.
260 3 _aLavras, MG (Brasil):
_c2004.
300 _a73 p.
500 _aSummaries (Eng, Por); Bibliography p. 63-73; 8 tables; 9 illus.
650 _aBATATA
650 _aPÓLEN
650 _aMEIOSE
650 _aMELHORAMENTO GENÉTICO VEGETAL
650 _aCITOGENÉTICA VEGETAL
650 _aMICROPROPAGAÇÃO
909 _a202309
_bLucia
_c55
_dLucia Elande
942 _cBK
999 _c67980
_d67980